| 000 | 00635cab a2200193 4500 | ||
|---|---|---|---|
| 001 | L136279 | ||
| 008 | 070123n2007 000 0 eng u | ||
| 035 | _a(Sirsi) u136279 | ||
| 041 | 0 | _aeng | |
| 100 | 1 | _aHopkins, Phillip | |
| 245 | 0 | 0 | _aIn the gutter |
| 260 | _c2007 | ||
| 490 | 0 | 0 |
_aLetting Update Journal _v4(14) January 2007, 29-32(2) |
| 520 | _aExplains the landlord's legal responsibilities for blocked drains in rented property and provides some typical scenarios. | ||
| 590 | _aKA | ||
| 650 | 2 | 4 | _aLANDLORD AND TENANT ACT 1985 S11 |
| 690 | _aPROPERTY-RESIDENTIAL PROPERTY-RESIDENTIAL LANDLORD AND TENANT | ||
| 942 | _n0 | ||
| 999 |
_c78226 _d78226 |
||